| 000 | 01346naa a22003017a 4500 | ||
|---|---|---|---|
| 001 | BR8104688 | ||
| 003 | BR-BrBNA | ||
| 005 | 20250716171941.0 | ||
| 007 | ta | ||
| 008 | 250630b bl.|||m| |||| 00| 0 por d | ||
| 040 |
_aBR-BrBNA _bpor _cBiblioteca Nacional de Agricultura |
||
| 041 | _a(Pt) | ||
| 072 |
_aP05; F00 _b1540 _b8961 _bG514 |
||
| 090 | _aP05 BR8104688 | ||
| 100 | 1 | _aFerreira, V.M. | |
| 111 | 1 |
_a1. Congresso Brasileiro de Mandioca _cSalvador, BA (Brazil) _d25 Nov 1979 |
|
| 245 | 1 | _aAlcool etilico a partir de mandioca, produtos e subprodutos: a usina da Petrobras [Fermentacao alcoolica; Projeto de desenvolvimento; Sistema de producao; Destilacao; Brasil] | |
| 500 | _aAnais do 1. Congresso Brasileiro de Mandioca, v. 2: Alimentacao humana e animal. Alcool Cruz das Almas, BA (Brasil): 1981. p. 171-180 (BR8104688-AMS) | ||
| 773 | 0 |
_tAnais do 1. Congresso Brasileiro de Mandioca, v. 2: Alimentacao humana e animal. Alcool _wP05 BR8104688 _gCruz das Almas, BA (Brasil), 1981. p. 171-180 |
|
| 650 | _aMANDIOCA | ||
| 650 | _aALCOOL | ||
| 650 | _aFERMENTACAO ALCOOLICA | ||
| 650 | _aDESTILACAO | ||
| 650 | _aSISTEMA DE PRODUCAO | ||
| 490 |
_aDocumentos - Empresa Brasileira de Pesquisa Agropecuaria. Depto. de Informacao e Documentacao (Brazil) _vno. 18 |
||
| 942 |
_cAMS _2AGRIS |
||
| 909 |
_a202506 _bLúcia _c55 _dLúcia Elande |
||
| 999 |
_c333793 _d333793 |
||